000 00793nam a2200265 i 4500
001 C2-0256411
003 PPAK
005 20180727223819.0
008 040714s2000 enka|||| ||||| | eng d
020 _a0751388181
040 _aPPAK
_beng
_cPPAK
_erda
082 0 4 _a780.28565
_223
090 0 0 _a780.28565
_bBEA
_dG
100 1 _aBeattie, Rob,
_eauthor
245 1 0 _aMultimedia :
_bplaying music on your PC
264 1 _aLondon :
_bDorling Kindersley ,
_c2000
300 _a72 pages :
_bcolour illustrations ;
_c18 cm
336 _2rdacontent
_atext
337 _2rdamedia
_aunmediated
338 _2rdacarrier
_avolume
490 1 _aEssential computers
650 1 0 _aMultimedia systems ; MP3 (Audio coding standard) ; MP3 players
830 0 _aEssential computers
942 _ddc
_cB
999 _c68600
_d68600